Countries with Largest Exclusive Economic Zones - Statistics

General Stats
  • This quiz has been taken 34 times
  • The average score is 13 of 15
Answer Stats
Size Answer % Correct
5,599,077 sq km Canada
100%
11,351,000 sq km United States
100%
3,681,989 sq km China
97%
11,691,000 sq km France
97%
8,095,881 sq km Russia
97%
6,805,586 sq km United Kingdom
97%
3,830,955 sq km Brazil
93%
9,025,053 sq km Australia
90%
4,479,674 sq km Japan
90%
6,159,032 sq km Indonesia
87%
3,269,386 sq km Mexico
87%
4,420,565 sq km New Zealand
80%
2,551,238 sq km Denmark
73%
3,441,810 sq km Kiribati
70%
2,996,419 sq km Micronesia
70%
No matching quizzes found
Score Distribution
Percent of People with Each Score
Percentile by Number Answered
Your Score History
You have not taken this quiz